Enciclopedia de la seguridad informática (Registro nro. 25914)

Detalles MARC
000 -CABECERA
Longitud fija campo de control 00617nam a22002057a 4500
003 - IDENTIFICADOR DELl NÚMERO DE CONTROL
Identificador del número de control OSt
005 - FECHA Y HORA DE LA ÚLTIMA TRANSACCIÓN
Fecha y hora de la última transacción 20180529083602.0
008 - CÓDIGOS DE INFORMACIÓN DE LONGITUD FIJA
Códigos de información de longitud fija 160919b xxu||||| |||| 00| 0 eng d
020 ## - NÚMERO INTERNACIONAL NORMALIZADO PARA LIBROS
Número Internacional Normalizado para Libros (ISBN) 978-607-707-181-5
040 ## - FUENTE DE LA CATALOGACIÓN
Centro transcriptor CRI
082 ## - NÚMERO DE LA CLASIFICACIÓN DECIMAL DEWEY
Númeroo de clasificación 005.8
100 10 - PUNTO DE ACCESO PRINCIPAL-NOMBRE DE PERSONA
9 (RLIN) 39714
Nombre de persona Gómez Vieites, Álvaro
245 ## - MENCIÓN DE TÍTULO
Título Enciclopedia de la seguridad informática
Mención de responsabilidad, etc. Álvaro Gómez Vieites
250 ## - MENCIÓN DE EDICIÓN
Mención de edición 2a ed.
Resto de la mención de edición actualizada
260 ## - PUBLICACIÓN, DISTRIBUCIÓN, ETC. (PIE DE IMPRENTA)
Lugar de publicación, distribución, etc. México
Nombre del editor, distribuidor, etc. Alfaomega Grupo Editor, S.A.
Fecha de publicación, distribución, etc. 2011
300 ## - DESCRIPCIÓN FÍSICA
Extensión 828 p.
Dimensiones 23 cm.
490 ## - MENCIÓN DE SERIE
Mención de serie Alfaomega Grupo Editor, S.A.
650 #0 - PUNTO DE ACCESO ADICIONAL DE MATERIA - TÉRMINO DE MATERIA
9 (RLIN) 1950
Término de materia o nombre geográfico como elemento inicial Seguridad informática
942 ## - ENTRADA DE ELEMENTOS AGREGADOS (KOHA)
Fuente de clasificaión o esquema Dewey Decimal Classification
Koha [por defecto] tipo de item 1- Monografias
Parte de clasificación prozim
Existencias
Suprimido Perdido Fuente de clasificación o esquema Estropeado Restricciones de uso No para préstamo Código de colección Localización permanente Localización actual Localización en estanter&íacute;as Fecha adquisición Fuente de adquisición Número de inventario Préstamos totales Signatura completa Código de barras Fecha última consulta Fecha último préstamo Fecha del precio de reemplazo Tipo de item de Koha
NULL NULL Dewey Decimal Classification NULL Prestable NULL NULL Biblioteca Centro Regional de Ilobasco Biblioteca Centro Regional de Ilobasco Sala Principal 10/04/2010 CRI LI001630 2 005.8 GOM enc 1038135 28/11/2024 28/11/2024 19/09/2016 1- Monografias
NULL NULL Dewey Decimal Classification NULL Prestable NULL NULL Biblioteca Centro Regional de Ilobasco Biblioteca Centro Regional de Ilobasco Sala Principal 10/04/2016 CRI LI001669   005.8 GOM enc 1038178 20/09/2016   20/09/2016 1- Monografias
NULL NULL Dewey Decimal Classification NULL Préstamo en Sala NULL NULL Biblioteca Centro Regional de Ilobasco Biblioteca Centro Regional de Ilobasco Sala Principal 10/04/2016 CRI LI002413 1 005.8 GOM enc 1039062 16/07/2021 09/07/2018 20/10/2016 1- Monografias